Score 0/20 Timer 07:00
1 Play Today
Animal Answer % Correct
Number #1Paint
97.9%
Number #4Corn
92.3%
Number #3Whale
88.5%
Number #3Tiger
87.3%
Number #3Great White
84%
Number #3Shark Species
77.6%
Number #2Dog Breeds
74.5%
Number #2Beagle
72.8%
Number #4Cobra
72.4%
Number #4Ball Python
71.7%
Animal Answer % Correct
Number #4Species of Snakes
70.5%
Number #2Boxer
69.1%
Number #3Hammerhead
68.4%
Number #2Chihuahua
67.5%
Number #2Collie
59.6%
Number #4Garter
54.9%
Number #1Mustang
50.5%
Number #1Horse Breeds
44.1%
Number #1Morgan
33.9%
Number #1Clydesdale
33.4%
Remove Ads.
Support Sporcle.
Get the best of Sporcle when you Go Orange. This ad-free experience offers more features, more stats, and more fun while also helping to support Sporcle. Thank you for becoming a member.

You're not logged in!

Compare scores with friends on all Sporcle quizzes.
OR
Log In

Show Comments

Extras

Top Quizzes Today


Score Distribution

Your Account Isn't Verified!

In order to create a playlist on Sporcle, you need to verify the email address you used during registration. Go to your Sporcle Settings to finish the process.

Report this User

Report this user for behavior that violates our Community Guidelines.

Details: